00977nam a2200253 a 4500001001000000003000900010005001700019008003200036020002000068020002000088040002600108082003000134100003500164245004200199260003600241300003400277500005900311505008500370650005400455650002200509651006500531651007800596651004900674000021150DO-SdBNP20220824110443.0100901s2002 dr ac 001 0dspa d a9993402737(v.1) a9993402745(v.2) aDO-SdBNPbspacBPMSU  a972.93053bC679t 20022221 aCoiscou Guzmán, Grey,d1941-10aTestimonios /cGrey Coiscou Guzmán. aSanto Domingo :bBúho,c2002. a3 v. :bil., retrs. ;c22 cm. aIncluye datos biográficos del autora en las solapas.0 av. 1 La simiente convulsa -- v. 2 La gavilla luminosa .- V.3 La siega redentora. 4aPersecuciones políticaszRepública Dominicana 4aResistencia civil 4aRepública DominicanaxHistoriayEra de Trujillo, 1930-1961 4aRepública DominicanaxPolítica y gobiernoyEra de Trujillo, 1930-1961 4aRepública DominicanaxHistoriay19630-1961